|
|
|
|
| LEADER |
00000nbm0a2200000 4500 |
| 001 |
9114 |
| 005 |
20231030182247.0 |
| 035 |
|
|
|a (RuTPU)RU\TPU\book\9166
|
| 035 |
|
|
|a BOOK00009226
|
| 090 |
|
|
|a 9114
|
| 100 |
|
|
|a 20011209d1995 k y0rusy50 ca
|
| 101 |
0 |
|
|a rus
|
| 102 |
|
|
|a RU
|
| 105 |
|
|
|a y p 000zy
|
| 200 |
1 |
|
|a Разработать рациональные направления переработки легкого нефтяного сырья месторождений Западной Сибири. Разработка расчетного метода оценки технологических свойств нефтяного сырья
|e Отчеты по НИР
|e Темы г/б 5.32, 5.85
|f Томский политехнический университет
|
| 210 |
|
|
|a Томск
|d 1995
|
| 215 |
|
|
|a 82 л.+48 л.
|
| 229 |
|
|
|a Темы г/б 5.32, 5.85
|
| 333 |
|
|
|a Передано в Государственный архив Томской области
|
| 712 |
0 |
2 |
|a Томский политехнический университет
|
| 801 |
|
0 |
|a RU
|b 63413507
|c 20011209
|g PSBO
|
| 801 |
|
2 |
|a RU
|b 63413507
|c 20220505
|g PSBO
|
| 942 |
|
|
|c BK
|